Narrativa y libertad : cuentos cubanos de la diáspora /

Збережено в:
Бібліографічні деталі
Автор: Hernández-Miyares, Julio E. (selec., introd. y notas)
Формат: Книга
Мова:Іспанська
Опубліковано: Miami, EUA : Universal, 1996, c1996
Серія:(Antologías Universal)
Предмети:
Теги: Додати тег
Немає тегів, Будьте першим, хто поставить тег для цього запису!

MARC

LEADER 00000nam^a2200000^a^4500
001 000153858
005 20250521000000.0
009 20260310100333.382
020 |a 0-89729-665-6 
037 |a Acervo ITESO - Biblioteca 
041 |a ESP 
082 |a 863.  |b HER 
100 |a Hernández-Miyares, Julio E.  |e (selec., introd. y notas) 
245 1 0 |a Narrativa y libertad :  |b cuentos cubanos de la diáspora /  |c Selec., introd. y notas de J.E. Hernández-Miyares. 
264 4 |a Miami, EUA :  |b Universal,  |c 1996, c1996 
300 |a 2 v. (542, 577 p.) 
336 |a texto  |b txt  |2 rdacontenido 
337 |a sin mediación  |b n  |2 rdamedio 
338 |a volumen  |b nc  |2 rdasoporte 
440 1 |a (Antologías Universal) 
649 |a XX 
650 |a Cuentos Cubanos 
650 |a Literatura Cubana -  |y Siglo XX 
650 |a Exilio -  |z Cuba 
650 |a Exilio en la Literatura 
910 |a Fondo General 
920 |a Impresos - Libros 
930 |a Colección General 
940 |a Literatura 
905 |a 101 
901 |a 0500082528  |b IT1  |c LIT  |u 20250521 
901 |a 0500082502  |b IT1  |c LIT  |u 20250521 
902 |a https://opac.biblio.iteso.mx/vufind/Record/000153858